| 000 | 00568nam a2200205 4500 | ||
|---|---|---|---|
| 001 | 112029 | ||
| 003 | ES-MaACL | ||
| 005 | 20230906185418.0 | ||
| 007 | t| | ||
| 008 | 061121s1907 it r ||||1| ita d | ||
| 100 | 1 |
_aNiccoli, Vittorio. _985529 |
|
| 245 | 1 | 0 |
_aProntuario dell'agricoltore e dell'ingegnere rurale / _cVittorio Niccoli. |
| 250 | _a4ยช ed. | ||
| 260 |
_aMilano : _bU. Hoepli, _c1907. |
||
| 300 |
_aXL, 566 p. ; _c15 x 10 cm. |
||
| 490 | 1 | _aManuali hoepli | |
| 830 | 0 |
_aManuali hoepli _9180782 |
|
| 852 |
_aES-MaACL _jD-2976 |
||
| 999 |
_c112029 _d112029 |
||